000 00360nam a22001337a 4500
008 220124b ||||| |||| 00| 0 eng d
020 _a9789385985522
082 _a339.954
_b1
100 _aAgarwala Ramgopal
_97523
245 _aBharat 2050 (Sthayi Samridhi ki Yojana)
260 _aNew Delhi
_bSAGE Publications
_c2017
300 _a339.954
942 _2ddc
_cBK
999 _c11949
_d11949